| 000 | 00445nam a2200145Ia 4500 | ||
|---|---|---|---|
| 008 | 240729s9999 xx 000 0 und d | ||
| 245 | 0 | _aJournal of Krishna Institute of Medical Sciences University | |
| 260 | _aIndia | ||
| 260 | _bKrishna Institute of Medical Sciences University | ||
| 650 | _a Medicine (General) | ||
| 650 | _aMedicine | ||
| 856 | _uhttps://doaj.org/toc/10b5d75af6ab4fbba41a1c0dbedd0a68 | ||
| 942 | _2ddc | ||
| 942 | _cDOAJEJ | ||
| 999 |
_c70570 _d70570 |
||
| 945 |
_a1 _bMadushi Gamage _c1 _dMadushi Gamage |
||